Podnikateľský prístup a privatizácia. Vytýčenie prioritných oblastí výskumu a vývoja.

Východiská v oblasti vedeckotechnického rozvoja a úloha Ministerstva hospodárstva SR a súčasná orientácia výskumu v rezorte. Nové prístupy v medzinárodnej spolupráci. Príprava na proces veľkej privatizácie. Adaptácia, zmeny náplne činnosti, zdražovanie prostriedkov, organizačné zmeny.

Salvato in:
Dettagli Bibliografici
Autore principale: Chovan, I.
Natura: Capitolo di libro
Lingua:slovacco
Soggetti:
Tags: Aggiungi Tag
Nessun Tag, puoi essere il primo ad aggiungerne!!

MARC

LEADER 00000naa a2200000 4500
001 r006309
005 20221125081224.2
041 0 |a slo 
044 |a [CS] 
245 1 0 |a Podnikateľský prístup a privatizácia.  |b Vytýčenie prioritných oblastí výskumu a vývoja.  |c I. Chovan 
520 |a Východiská v oblasti vedeckotechnického rozvoja a úloha Ministerstva hospodárstva SR a súčasná orientácia výskumu v rezorte. Nové prístupy v medzinárodnej spolupráci. Príprava na proces veľkej privatizácie. Adaptácia, zmeny náplne činnosti, zdražovanie prostriedkov, organizačné zmeny. 
610 2 0 |a privatizácia 
610 2 0 |a rozvoj vedeckotechnický 
610 2 0 |a MH SR Bratislava 
610 2 0 |a výskum rezortný 
610 2 0 |a spolupráca vedeckovýskumná 
610 2 0 |a Slovensko 
100 1 |a Chovan, I.